Catálogo
 En Linea

Matemática para la vida : (Registro nro. 54740)

Detalles MARC
000 -CABECERA
campo de control de longitud fija 01163nam a2200277 i 4500
003 - IDENTIFICADOR DEL NÚMERO DE CONTROL
campo de control DO-SdBNP
005 - FECHA Y HORA DE LA ÚLTIMA TRANSACCIÓN
campo de control 20250116073945.0
007 - CAMPO FIJO DE DESCRIPCIÓN FÍSICA--INFORMACIÓN GENERAL
campo de control de longitud fija ta
008 - DATOS DE LONGITUD FIJA--INFORMACIÓN GENERAL
campo de control de longitud fija 110413s1987 dr a 000 0 spa d
040 ## - FUENTE DE LA CATALOGACIÓN
Centro catalogador/agencia de origen DO-SdBNP
Lengua de catalogación spa
Centro/agencia transcriptor BNPHU
Normas de descripción rda
082 #4 - NÚMERO DE LA CLASIFICACIÓN DECIMAL DEWEY
Número de documento/Ítem P349m
Número de edición 22
100 1# - ENTRADA PRINCIPAL--NOMBRE DE PERSONA
Nombre de persona Peña Pérez, Milagros de,
9 (RLIN) 29589
Término indicativo de función/relación autora
245 11 - MENCIÓN DE TÍTULO
Título Matemática para la vida :
Resto del título guía didáctica para el libro de matemática de segundo grado, nivel primario /
Mención de responsabilidad, etc. Milagros Peña de Pérez, Margarita Luciano de Sang ; ilustraciones, Julio César Martínez
264 #1 - PRODUCCIÓN, PUBLICACIÓN, DISTRIBUCIÓN, FABRICACIÓN Y COPYRIGHT
Producción, publicación, distribución, fabricación y copyright Santo Domingo :
Nombre del de productor, editor, distribuidor, fabricante Secretaría de Estado de Educación, Bellas Artes y Cultos,
-- Alfa y Omega,
Fecha de producción, publicación, distribución, fabricación o copyright 1987.
300 ## - DESCRIPCIÓN FÍSICA
Extensión 41 páginas
Dimensiones 27 cm.
Otras características físicas ilustraciones
336 ## - TIPO DE CONTENIDO
Fuente rdacontent
Término de tipo de contenido texto
Código de tipo de contenido txt
337 ## - TIPO DE MEDIO
Fuente rdamedia
Nombre/término del tipo de medio sin mediación
Código del tipo de medio n
338 ## - TIPO DE SOPORTE
Fuente rdacarrier
Nombre/término del tipo de soporte volumen
Código del tipo de soporte nc
504 ## - NOTA DE BIBLIOGRAFÍA, ETC.
Nota de bibliografía, etc. Bibliografía : p. 41
590 ## - NOTA LOCAL (RLIN)
Nota local Inventariado, 2023/ YL
700 1# - PUNTO DE ACCESO ADICIONAL--NOMBRE DE PERSONA
Nombre de persona Silié, Rubén,
Fechas asociadas al nombre 1946-
Término indicativo de función/relación Autora
9 (RLIN) 1421
700 1# - PUNTO DE ACCESO ADICIONAL--NOMBRE DE PERSONA
Nombre de persona Martínez, Julio César,
Término indicativo de función/relación ilustraciones
9 (RLIN) 1263
710 1# - PUNTO DE ACCESO ADICIONAL--NOMBRE DE ENTIDAD CORPORATIVA
Nombre de entidad corporativa o nombre de jurisdicción como elemento de entrada República Dominicana.
Unidad subordinada Secretaría de Estado de Educación, Bellas Artes y Cultos
9 (RLIN) 23965
910 ## - DATOS DE OPCIÓN DEL USUARIO (OCLC)
Datos de opción del usuario YLockward
942 ## - ELEMENTOS DE PUNTO DE ACCESO ADICIONAL (KOHA)
Fuente del sistema de clasificación o colocación Dewey Decimal Classification
Tipo de ítem Koha Folleto
Existencias
Estado de retiro Estado de pérdida Fuente del sistema de clasificación o colocación Restricciones de uso No para préstamo Código de colección Localización permanente Ubicación/localización actual Ubicación en estantería Fecha de adquisición Fuente de adquisición Total de préstamos Signatura topográfica completa Código de barras Fecha visto por última vez Precio válido a partir de Tipo de ítem Koha Nota pública Número de copia
    Dewey Decimal Classification Excluido de préstamo   Patrimonio Dominicano Folletos Biblioteca Nacional Pedro Henríquez Ureña Biblioteca Nacional Pedro Henríquez Ureña En catalogación 01.12.2014 Donación   BNPHU PD P349m 2023-5856 13.09.2023 13.09.2023 Folleto Perteneció a la biblioteca personal de Bárbara Suncar  
    Dewey Decimal Classification Excluido de préstamo   Patrimonio Dominicano Folletos Biblioteca Nacional Pedro Henríquez Ureña Biblioteca Nacional Pedro Henríquez Ureña En catalogación 11.10.2023 Donación   BNPHU PD P349m 2023-6874 11.10.2023 11.10.2023 Folleto Perteneció a la biblioteca personal de Bárbara Suncar. e.2

Con tecnología Koha